Phát hiện các môn học quang trọng làm ảnh hưởng đến kết quả tốt nghiệp của sinh viên ngành Công nghệ Thông tin : Báo cáo tổng kết đề tài khoa học và công nghệ cấp Trường
Nghiên cứu và đề xuất một số giải pháp nhằm phát hiện môn học quan trọng làm ảnh hưởng đến kết quả tốt nghiệp của sinh viên nghành Công nghệ Thông tin.
Gardado en:
| Autor Principal: | |
|---|---|
| Formato: | Libro |
| Idioma: | Undetermined |
| Publicado: |
Cần Thơ
Trường Đại học Cần Thơ
2015
|
| Những chủ đề: | |
| Các nhãn: |
Engadir etiqueta
Sen Etiquetas, Sexa o primeiro en etiquetar este rexistro!
|
| Thư viện lưu trữ: | Trung tâm Học liệu Trường Đại học Cần Thơ |
|---|
| LEADER | 01304nam a2200241Ia 4500 | ||
|---|---|---|---|
| 001 | CTU_210482 | ||
| 008 | 210402s9999 xx 000 0 und d | ||
| 082 | |a 006.78 | ||
| 082 | |b Ngh300 | ||
| 088 | |a T2015-27 | ||
| 100 | |a Đỗ, Thanh Nghị | ||
| 245 | 0 | |a Phát hiện các môn học quang trọng làm ảnh hưởng đến kết quả tốt nghiệp của sinh viên ngành Công nghệ Thông tin : | |
| 245 | 0 | |b Báo cáo tổng kết đề tài khoa học và công nghệ cấp Trường | |
| 245 | 0 | |c Đỗ Thanh Nghị (chủ nhiệm đề tài) | |
| 260 | |a Cần Thơ | ||
| 260 | |b Trường Đại học Cần Thơ | ||
| 260 | |c 2015 | ||
| 520 | |a Nghiên cứu và đề xuất một số giải pháp nhằm phát hiện môn học quan trọng làm ảnh hưởng đến kết quả tốt nghiệp của sinh viên nghành Công nghệ Thông tin. | ||
| 650 | |a Service-oriented architecture (Computer science),Computer programming,Kiến trúc hướng dịch vụ,Chương trình máy tính | ||
| 650 | |x Social aspects,Khía cạnh xã hội | ||
| 904 | |i Nguyễn Văn Môi,Qhieu | ||
| 915 | |a CT | ||
| 980 | |a Trung tâm Học liệu Trường Đại học Cần Thơ | ||